000 00465nam a2200181Ia 4500
001 9026
005 20260306160653.0
008 260306t2016||||xx |||||||||||||| ||spa||
041 _aESP
082 _a372.357
_bQ44
100 _aQuijano López, Rocío
_eAUT
245 0 _aEnseñanza de las ciencias de la naturaleza en educación infantil
260 _c2016
300 _a140 páginas :
_c24 cm.
650 _aGEN
654 _aCED
942 _cLIB
_dJUS
_fJUS
_2ddc
_n
999 _c9026
_d9026